Discussions and closures of abstracted papers from the summer meeting : Mexico City, Mexico, July 17-22, 1977.

Bibliographic Details
Corporate Author: IEEE Power Engineering Society
Format: Book
Language:English
Published: New York : Institute of Electrical and Electronics Engineers, [1978]
Subjects:

MARC

Tag First Indicator Second Indicator Subfields
LEADER 00000cam a2200000 a 4500
001 in00000090085
005 20151008065545.0
008 780818s1978 nyua b 10010 eng d
010 |a  76004401  
035 |a (OCoLC)04152785 
035 |9 AAK6169AM 
040 |a FTU  |c FTU  |d m.c.  |d TXA  |d UtOrBLW 
049 |a TXAM  |c [388757] 
090 |a TK5  |b  I25 1977a 
110 2 |a IEEE Power Engineering Society. 
245 1 0 |a Discussions and closures of abstracted papers from the summer meeting :  |b Mexico City, Mexico, July 17-22, 1977. 
264 1 |a New York :  |b Institute of Electrical and Electronics Engineers,  |c [1978] 
264 4 |c ©1978 
300 |a 1 volume (various pagings) :  |b illustrations ;  |c 28 cm. 
336 |a text  |b txt  |2 rdacontent 
337 |a unmediated  |b n  |2 rdamedia 
338 |a volume  |b nc  |2 rdacarrier 
500 |a Cover title: IEEE 1977 PES summer meeting discussions & closures. 
500 |a "77CH1194-0-PWR." 
504 |a Includes bibliographies. 
504 |a Includes bibliographical references. 
650 0 |a Electrical engineering  |v Congresses. 
650 0 |a Electric power  |v Congresses. 
999 |a MARS 
999 f f |s 3b1e8a49-525f-32e1-9a0c-1cededb4a845  |i dc4990cc-0e72-36d9-ac5e-92fd2f516f34  |t 0 
952 f f |p ric  |a Texas A&M University  |b Rellis Campus  |c Joint Library Facility  |d Remote Storage  |t 0  |e TK5 I25 1977a  |h Library of Congress classification  |i unmediated -- volume  |m A14806002489 
998 f f |a TK5 I25 1977a  |t 0  |l Remote Storage